000 00993nas a2200289 a 4500
001 72686
003 BD-RjUL
005 20211209082310.0
008 170522u19uuuuuunyuhr 1 a0eng c
035 _a(BD-RjUL)72904
040 _aMUL
_beng
_cMUL
_dBD-RjUL
041 0 _aeng
_afre
_ager
082 0 0 _a572
_223
_bPRO 1959
245 1 0 _aProceedings of the ... International Congress of Biochemistry /
_cInternational Congress of Biochemistry.
260 _aNew York, N.Y. :
_bAcademic Press,
_cc1959
300 _av :
_bill. ;
_c29 cm.
490 1 _aI.U.B. symposium series
500 _aEach volume has also a distinctive title.
500 _aImprint varies.
515 _aIssued in multiple volumes.
650 0 _aBiochemistry
_vCongresses.
_9215017
650 7 _aBiochemistry.
_2fast
_9215018
655 7 _aConference papers and proceedings.
_2fast
_9200497
711 _aInternational Congress of Biochemistry.
_9215019
830 0 _aI.U.B. symposium series.
_9215020
942 _2ddc
_cBK
999 _c72686
_d72686